000 00619nam a22002177a 4500
003 UA-OsUOA
001 53186
007 ta
008 20080320b un ||||| |||| 00| 0 ukr d
100 _aВсеукраїнське товариство "Просвіта"
090 _a94(477)
_bВ-22
942 _cSA
040 _aUA-OsUOA
_bukr
_cUA-OsUOA
_dUA-OsUOA
245 _aТовариство "Просвіта" в діаспорі
300 _aС.6
955 _a0
041 _aukr
080 _a94(477)
773 0 _w53185
650 7 _a9 Географія. Біографії. Історія
_2UDC
999 _c339279
_d339279